000 00591cam a22002291 4500
001 sa 64000376
003 DLC
005 20260227111955.0
008 890921s1962 ii b 000 0 malo
010 _asa 64000376
035 _a(OCoLC)20376676
040 _aDLC
_cWaU
_dDLC
042 _apremarc
050 0 0 _aPN709
_b.A3
100 1 _aAchuthan, M.,
_d1931-
245 1 0 _aPāśātyasāhityadarśanaṃ.
260 _c[1962]
300 _a396 p.
_c22 cm.
500 _aIn Malayalam.
504 _aBibliography: p. [387]-389.
650 0 _aLiterature, Modern
_xHistory and criticism.
999 _c56176
_d56176